Minimo comune multiplo - Statistics

Statistiche generali
  • Questo quiz è stato fatto 12 volte
  • Il punteggio medio è 9 su 15
Statistiche sulle risposte
Terna di numeri mcm % Corretto
18; 36; 45 180
90%
12; 18; 24 72
90%
10; 15; 25 150
80%
8; 24; 48 48
80%
8; 24; 40 120
70%
20, 12; 18 180
70%
9; 18; 36 36
70%
4, 6; 20 60
70%
9; 15; 63 315
60%
7; 8; 9 504
40%
20; 30; 40 120
30%
15; 21; 25 525
30%
45; 80; 60 720
30%
5; 21; 35 105
20%
16; 24; 36 144
20%
Nessun quiz corrispondente trovato
Distribuzione punteggi
Percentuale di utenti per punteggio
Percentile per numero di risposta
I tuoi punteggi nel tempo
Non hai fatto questo quiz